|
|
|
|
| LEADER |
00000nam0a2200000 4500 |
| 001 |
371043 |
| 005 |
20241211174330.0 |
| 035 |
|
|
|a (RuTPU)RU\TPU\retro\28452
|
| 035 |
|
|
|a RU\TPU\book\17083
|
| 090 |
|
|
|a 371043
|
| 100 |
|
|
|a 20220908d1978 m y0rusy50 ca
|
| 101 |
0 |
|
|a rus
|
| 102 |
|
|
|a RU
|
| 105 |
|
|
|a a j 000zy
|
| 200 |
1 |
|
|a История СССР
|e учебник
|f под ред. П. И. Кабанова, Н. Д. Кузнецова
|h Ч. 2
|i 1861-1917
|
| 205 |
|
|
|a 4-е изд., испр. и доп.
|
| 210 |
|
|
|a Москва
|c Просвещение
|d 1978
|
| 215 |
|
|
|a 528 с.
|c ил.
|
| 606 |
|
|
|a Россия
|x История
|9 81526
|
| 610 |
1 |
|
|a феодализм
|
| 610 |
1 |
|
|a 19 век
|
| 610 |
1 |
|
|a 20 век
|
| 610 |
1 |
|
|a революционная ситуация
|
| 610 |
1 |
|
|a крепостное право
|
| 610 |
1 |
|
|a падение
|
| 610 |
1 |
|
|a экономическое развитие
|
| 610 |
1 |
|
|a внешняя политика
|
| 610 |
1 |
|
|a общественное движение
|
| 610 |
1 |
|
|a капитализм
|
| 610 |
1 |
|
|a внутренняя политика
|
| 610 |
1 |
|
|a рабочее движение
|
| 610 |
1 |
|
|a марксизм
|
| 610 |
1 |
|
|a социальные противоречия
|
| 610 |
1 |
|
|a культура
|
| 610 |
1 |
|
|a Русско-японская война 1904-1905
|
| 610 |
1 |
|
|a буржуазно-демократические революции
|
| 610 |
1 |
|
|a Первая мировая война 1914-1918
|
| 610 |
1 |
|
|a Февральская революция 1917
|
| 610 |
1 |
|
|a империализм
|
| 610 |
1 |
|
|a учебники
|
| 686 |
|
|
|a Т3(2)я73
|2 rubbk
|
| 702 |
|
1 |
|a Кабанов
|b П. И.
|4 340
|
| 702 |
|
1 |
|a Кузнецов
|b Н. Д.
|4 340
|
| 801 |
|
0 |
|a RU
|b 63413507
|c 20011209
|g PSBO
|
| 801 |
|
2 |
|a RU
|b 63413507
|c 20220908
|g PSBO
|
| 942 |
|
|
|c BK
|